Quizzes
Events
Quiz Creation
Community
Videos
Private Events
Remove Ads
Sign In
Join for FREE
Feedback
Dark Mode
Quiz Categories
Sports
Geography
Music
Movies
Television
Just For Fun
Miscellaneous
History
Literature
Language
Science
Gaming
Entertainment
Religion
Holiday
For Kids
Quiz Lab
Recent
Popular Today
Quiz Kudos Today
Editor Picks
Curator Picks
Quizzes by...
Day
Popularity
Type
Ratings
Length
Year
Community
Subscriptions
Recent Discussions
Orange Saloon
Badges
Playlists
Quests
Create
Leaderboards
Showdown
Live 5
Trivia Bingo
Activity
Puzzle Library
Sporcle Events
Private Events
Virtual Trivia
Globe League
Become a Host
Pub Owners
SporcleCon
Opinionation
Our Games
Videos
Blog
Mobile Apps
Partnerships
Remove Ads and Go Orange
Feedback
Music
Pop Music
The Beatles
Song
Album
Lyrics
Bands
Singers
Artist
Clip
Rock
Rap
Classical
Billboard
Country Music
Kpop
Taylor Swift
Music
Pop Music
The Beatles
Song
Album
Lyrics
Bands
Singers
Artist
Clip
Rock
Rap
Classical
Billboard
Country Music
Kpop
Taylor Swift
Random Quiz
Search Sporcle
×
Quiz Lab
Quiz Lab
Music
Taylor Swift
Type in answers that appear in a list
Type in answers that appear in a list
Classic
Best Score? Go Orange.
Your Anything - Taylor Swift Stats
Can you name the Your Anything - Taylor Swift?
By
obese_kid
10m
294 Questions
92 Plays
92 Plays
92 Plays
Comments
Comments
Give Quiz Kudos
Give Quiz Kudos
-
- Ratings
hide this ad
Replay
Link that replays current quiz
Next Quiz
Link to next quiz in quiz playlist
You Got
0%
They Got
Avg Score
72%
Avg Friend Score
Upgrade to see
Score Distribution
Jump to the score distribution portion of the page
Score
0/294
Timer
10:00
0
Plays Today
% Correct
you
92.4%
you
92.4%
A
92.4%
a
92.4%
you
92.4%
you
92.4%
a
92.4%
you
92.4%
you
92.4%
you
92.4%
you
92.4%
you
92.4%
a
92.4%
a
92.4%
a
92.4%
a
92.4%
you
92.4%
you
92.4%
you
92.4%
a
92.4%
you
92.4%
you
92.4%
I
90.2%
I
90.2%
I
90.2%
I
90.2%
I
90.2%
I
90.2%
I
90.2%
I
90.2%
your
88%
your
88%
your
88%
your
88%
your
88%
your
88%
your
88%
your
88%
your
88%
your
88%
your
88%
your
88%
the
84.8%
the
84.8%
the
84.8%
the
84.8%
the
84.8%
the
84.8%
the
84.8%
the
84.8%
the
84.8%
the
84.8%
the
84.8%
the
84.8%
the
84.8%
the
84.8%
the
84.8%
to
83.7%
to
83.7%
to
83.7%
to
83.7%
to
83.7%
to
83.7%
to
83.7%
be
81.5%
be
81.5%
be
81.5%
be
81.5%
anything
81.5%
be
81.5%
be
81.5%
be
81.5%
be
81.5%
be
81.5%
anything
81.5%
be
81.5%
be
81.5%
be
81.5%
be
81.5%
anything
81.5%
ever
78.3%
of
78.3%
of
78.3%
do
78.3%
of
78.3%
of
78.3%
do
78.3%
of
78.3%
of
78.3%
if
77.2%
If
77.2%
If
77.2%
if
77.2%
me
77.2%
If
77.2%
me
77.2%
If
77.2%
If
77.2%
% Correct
or
76.1%
could
76.1%
in
76.1%
could
76.1%
Or
76.1%
Or
76.1%
could
76.1%
in
76.1%
in
76.1%
could
76.1%
or
76.1%
could
76.1%
in
76.1%
could
76.1%
Or
76.1%
up
75%
just
75%
what
75%
want
75%
what
75%
what
75%
Just
75%
I'll
75%
up
75%
what
75%
want
75%
want
75%
want
75%
Just
75%
just
75%
I'll
75%
up
75%
what
75%
up
75%
Just
75%
I'll
75%
up
75%
what
75%
what
75%
I'd
73.9%
everything
73.9%
I'd
73.9%
everything
73.9%
I'd
73.9%
everything
73.9%
That's
72.8%
with
72.8%
thats
72.8%
with
72.8%
with
72.8%
that's
72.8%
that's
72.8%
with
72.8%
that's
72.8%
That's
72.8%
her
71.7%
know
71.7%
know
71.7%
her
71.7%
her
71.7%
girl
70.7%
need
70.7%
give
70.7%
girl
70.7%
need
70.7%
give
70.7%
girl
70.7%
need
70.7%
need
70.7%
give
70.7%
so
69.6%
at
68.5%
blue
68.5%
jeans
68.5%
at
68.5%
top
68.5%
drawer
68.5%
out
68.5%
is
68.5%
is
68.5%
blue
68.5%
jeans
68.5%
top
68.5%
drawer
68.5%
out
68.5%
not
68.5%
blue
68.5%
jeans
68.5%
at
68.5%
top
68.5%
drawer
68.5%
out
68.5%
you'll
67.4%
you'll
67.4%
next
67.4%
door
67.4%
next
67.4%
door
67.4%
% Correct
next
67.4%
door
67.4%
night
66.3%
one
66.3%
But
66.3%
one
66.3%
holes
66.3%
bottom
66.3%
little
66.3%
little
66.3%
one
66.3%
holes
66.3%
bottom
66.3%
little
66.3%
little
66.3%
But
66.3%
holes
66.3%
bottom
66.3%
little
66.3%
little
66.3%
knees
65.2%
reach
65.2%
living
65.2%
angel
65.2%
giving
65.2%
it
65.2%
knees
65.2%
reach
65.2%
living
65.2%
angel
65.2%
giving
65.2%
like
65.2%
I'm
65.2%
giving
65.2%
for
65.2%
for
65.2%
like
65.2%
knees
65.2%
reach
65.2%
living
65.2%
angel
65.2%
giving
65.2%
bet
64.1%
wings
64.1%
have
64.1%
wings
64.1%
am
64.1%
wings
64.1%
queen
63%
queen
63%
queen
63%
lie
62%
make
62%
sweet
62%
mind
62%
beauty
62%
all
62%
beauty
62%
who
62%
beauty
62%
awake
60.9%
trying
60.9%
get
60.9%
get
60.9%
it's
60.9%
Wondering
59.8%
find
59.8%
town
59.8%
someone
59.8%
someone
59.8%
home
58.7%
California
58.7%
favorite
58.7%
let
58.7%
let
58.7%
favorite
58.7%
easy
58.7%
favorite
58.7%
loaded
57.6%
gun
57.6%
number
56.5%
got
56.5%
this
56.5%
hard
55.4%
And
54.3%
will
54.3%
side
52.2%
softer
51.1%
only
48.9%
here's
48.9%
thought
46.7%
ride
46.7%
how
46.7%
bumpy
45.7%
alright
45.7%
Either
44.6%
goes
44.6%
Cause
39.1%
Quiz Playlist
Details
Report
Send in Message
Add To Playlist
Classic:
Type in answers that appear in a list
Last Updated: Feb 16, 2017
Quiz Scoreboard
CHALLENGE
Sign Up to Join the Scoreboard
Show All
Scores
Hide
Comments
May contain spoilers
Recently Published
Decade Duel: World Leaders
by jenniferyan
History
4m
Alphabetical 'K' Countries by Flag Minefield
by ylime102
Geography
3m
Pick 6: Fruits
by JohnFran
Miscellaneous
15s
More to Explore
Quiz From the Vault
Featured Blog Post
15 Basketball Trivia Facts You Can Be March Mad About
hide this ad
You Might Also Like...
Tags
Lyrics Quiz
Taylor Swift Quiz
Anything
Today's Top Quizzes in Music
Browse Music
hide this ad
Today's Top Quizzes in Taylor Swift
Browse Taylor Swift
Top Contributed Quizzes in Music
1
Taylor Swift All Songs (2024)
2
Taylor Swift Logic Puzzle
3
KPOP LOGIC QUIZ
4
Guess the Taylor Swift song (Mystery Song)
5
A Taylor Swift Logic Puzzle
6
Guess The Taylor Swift Lyrics Song #1
7
kpop group name match up
8
K-Pop : 100 Debut Songs (Part 1 of 3)
9
2 word kpop group match
10
Madness Songs By Image
Explore More
Trending Topics
Harry Potter
Disney
NBA
Crossword
Marvel
Anime
Kpop
Country
Pokémon
The Office
Puzzle
Song
NFL
Soccer
WWE
hide this ad
More By:
obese_kid
Quiz
Plays
Rating
Category
Featured
Created
Taylor Swift - Stay stay stay lyrics
4,123
3.58
Music
Nov 6, 2012
Dreaming of You - The Coral
148
4.33
Music
Feb 26, 2013
Your Anything - Taylor Swift
92
4.00
Music
Feb 15, 2013
Go to Creator's Profile
Score Distribution
Quiz Creator Spotlight
obese_kid
Follow
Send a Message
Quizzes Created
-
Created Quiz Play Count
-
More By This Creator
Popular Quizzes Today
1
Countries of Asia Without Outlines Minefield
2
Find the US States - No Outlines Minefield
3
Pick 6: Fruits
4
Alphabetical 'K' Countries by Flag Minefield
5
The Countries of the World
6
Find the Countries of Europe - No Outlines Minefield
7
Find the US States
8
US States
More Music Quizzes
Songs Trump Can't Use
Curator's Pick
Trending Quizzes
Pick 6: Mountains
Pick 6: Harry Potter
Pick 6: Flags
Pick 6: NFL Teams
Pick 6: Movie Franchises
Recently Updated
Adaptations: Name the Title
pecheneg
NWSL Teams
pecheneg
Women's Final Four Teams by Year
bhenderson79
Presidents Quartet II
eogle
Anything But Clue(do)
eogle
Anything But Oceanian Capitals
eogle
Anything But 7
eogle
Anything But Thing
eogle
Word Ladder: February 29
pecheneg
Song Title Questions
pecheneg
Trending Topics
Marvel
Crossword
Harry Potter
NBA
Disney
Anime
Kpop
Song
NFL
Soccer
Puzzle
The Office
Country
WWE
Pokémon
Your Account Isn't Verified!
In order to create a playlist on Sporcle, you need to verify the email address you used during registration. Go to your
Sporcle Settings
to finish the process.
Report this User
Report this user for behavior that violates our
Community Guidelines
.
Details:
Send Report
Go to the Sporcle.com Mobile Site →
Comments